| 000 -LEADER |
| fixed length control field |
00455nam a22001577a 4500 |
| 005 - DATE AND TIME OF LATEST TRANSACTION |
| control field |
20231117153545.0 |
| 008 - FIXED-LENGTH DATA ELEMENTS--GENERAL INFORMATION |
| fixed length control field |
231117s1965 enk||||| |||| 00| 0 eng d |
| 041 ## - LANGUAGE CODE |
| Language code of text/sound track or separate title |
eng |
| 080 ## - UNIVERSAL DECIMAL CLASSIFICATION NUMBER |
| Universal Decimal Classification number |
737 S-45 |
| 100 ## - MAIN ENTRY--PERSONAL NAME |
| Personal name |
Seltman, Charles |
| 9 (RLIN) |
20424 |
| 245 ## - TITLE STATEMENT |
| Title |
Greek Coins / |
| Statement of responsibility, etc. |
Charles Seltman. |
| 264 ## - PRODUCTION, PUBLICATION, DISTRIBUTION, MANUFACTURE, AND COPYRIGHT NOTICE |
| Place of production, publication, distribution, manufacture |
London: |
| Name of producer, publisher, distributor, manufacturer |
Methuen, |
| Date of production, publication, distribution, manufacture, or copyright notice |
1955. |
| 300 ## - PHYSICAL DESCRIPTION |
| Extent |
312 p.: |
| Other physical details |
ill. |
| Dimensions |
22 cm. |
| 653 ## - INDEX TERM--UNCONTROLLED |
| keyword |
ბერძნული მონეტები |
| 942 ## - ADDED ENTRY ELEMENTS (KOHA) |
| Source of classification or shelving scheme |
|
| Koha item type |
წიგნი |